Pracovné vzťahy, kolektív a úspešnosť organizácie

Vzťahy v pracovných kolektívoch sú zložité a komplikované. Zásady pre formovanie kvalitných pracovných vzťahov.

Na minha lista:
Detalhes bibliográficos
Autor principal: Matulčíková, Marta, 1964-
Formato: Capítulo de Livro
Idioma:eslovaco
Assuntos:
Tags: Adicionar Tag
Sem tags, seja o primeiro a adicionar uma tag!

MARC

LEADER 00000nla a2200000 4500
001 0161629
005 20240502072813.8
041 0 |a slo 
044 |a SK 
245 1 0 |a Pracovné vzťahy, kolektív a úspešnosť organizácie  |c Marta Matulčíková 
520 |a Vzťahy v pracovných kolektívoch sú zložité a komplikované. Zásady pre formovanie kvalitných pracovných vzťahov. 
610 2 0 |a klíma podniková 
610 2 0 |a vzťahy medziľudské 
100 1 |a Matulčíková, Marta, 1964-